|
|
|
|
| LEADER |
00000nam0a2200000 4500 |
| 001 |
99853 |
| 005 |
20231101214258.0 |
| 035 |
|
|
|a (RuTPU)RU\TPU\book\107278
|
| 090 |
|
|
|a 99853
|
| 100 |
|
|
|a 20060717d1984 k y0rusy50 ca
|
| 101 |
0 |
|
|a rus
|
| 102 |
|
|
|a RU
|
| 105 |
|
|
|a y a 001zy
|
| 200 |
1 |
|
|a Строение оорганических и элементоорганических молекул
|e библиографический указатель (1929 - 1979)
|f А. И. Китайгородский, П. М. Зоркий, В. К. Бельский
|g Академия наук СССР (АН СССР), Институт элементоорганических соединений им. А. Н. Несмеянова (ИНЭОС), (Москва) ; отв. ред. М. А. Порай-Кошиц
|
| 210 |
|
|
|a Москва
|c Наука
|d 1984
|
| 215 |
|
|
|a 284 с.
|
| 606 |
1 |
|
|a Органические соединения
|x Строение
|2 stltpush
|3 (RuTPU)RU\TPU\subj\75607
|9 87307
|
| 606 |
1 |
|
|a Библиографические пособия
|x По химии
|2 stltpush
|3 (RuTPU)RU\TPU\subj\28562
|9 52080
|
| 610 |
1 |
|
|a химия
|
| 610 |
1 |
|
|a органические молекулы
|
| 610 |
1 |
|
|a элементоорганические молекулы
|
| 610 |
1 |
|
|a библиографические указатели
|
| 675 |
|
|
|a 547:544.1(01)
|v 4
|
| 686 |
|
|
|a Я19:54
|v LBC/SL-A
|2 rubbk
|
| 700 |
|
1 |
|a Китайгородский
|b А. И.
|g Александр Исаакович
|
| 701 |
|
1 |
|a Зоркий
|b П. М.
|g Петр Маркович
|
| 701 |
|
1 |
|a Бельский
|b В. К.
|g Виталий Константинович
|
| 702 |
|
1 |
|a Порай-Кошиц
|b М. А.
|4 340
|
| 712 |
0 |
2 |
|a Академия наук СССР (АН СССР)
|b Институт элементоорганических соединений им. А. Н. Несмеянова (ИНЭОС)
|b (Москва)
|2 stltpush
|3 (RuTPU)RU\TPU\col\12434
|
| 801 |
|
1 |
|a RU
|b 63413507
|c 20060717
|g PSBO
|
| 801 |
|
2 |
|a RU
|b 63413507
|c 20180329
|g PSBO
|
| 942 |
|
|
|c BK
|